[Event "Eq:les modestes-Les Rois du Succes :"]
[Site "www.echecsemail.com"]
[Date "2026.01.13"]
[Round "1"]
[White "Levelmax"]
[Black "Nick"]
[WhiteElo "2720"]
[BlackElo "2830"]
[Result "1/2-1/2"]
1.e4 c5
2.Ng1f3 e6
3.d4 cxd4
4.Nf3xd4 a6
5.c4 Ng8f6
6.Bf1d3 Nb8c6
7.Nd4f3 d5
8.exd5 exd5
9.O-O Bf8e7
10.cxd5 Qd8xd5
11.Nb1c3 Qd5a5
12.a3 O-O
13.Bc1f4 Rf8d8
14.Rf1e1 Bc8f5
15.Nf3e5 Rd8xd3
16.Ne5xd3 Ra8d8
17.Qd1b3 Bf5xd3
18.Qb3xb7 Qa5c5
19.Ra1c1 Qc5d4
20.Bf4g3 Qd4d7
21.Qb7xd7 Rd8xd7
22.Nc3a4 Bd3b5
23.Na4c3 Bb5d3
24.Nc3a4 Bd3b5
{ nul }1/2-1/2

[Event "Défi"]
[Site "www.echecsemail.com"]
[Date "2026.01.13"]
[Round "1"]
[White "Pierre1"]
[Black "Majula"]
[WhiteElo "1770"]
[BlackElo "1600"]
[Result "1-0"]
1.d4 d5
2.Bc1f4 Bc8f5
3.e3 a6
4.Ng1f3 h6
5.c3 e6
6.a4 Ng8f6
7.Nb1d2 g5
8.Bf4g3 Nb8c6
9.Bf1e2 Rh8g8
10.h3 Bf8g7
11.O-O Nf6e4
12.Nd2xe4 Bf5xe4
13.b4 Be4xf3
14.Be2xf3 f5
15.Qd1c2 g4
16.hxg4 Qd8g5
17.Bg3f4 Qg5e7
18.gxf5 Kd7
19.Bf3g4 Bg7f6
20.Rf1e1 Rg8xg4
21.Bf4xh6 e5
22.f3 Rg4g3
23.Qc2f2 Ra8g8
24.f4 e4
25.Bh6g5 Rg3g4
26.Qf2e2 Rg4xg5
27.fxg5 Rg8xg5
28.c4 Rg5xf5
29.Qe2g4 Qe7e6
30.cxd5 Rf5xd5
31.Qg4xe6 Kxe6
32.Ra1b1 Nc6e7
33.b5 a5
34.Re1f1 b6
35.Rf1f4 Kd6
36.Rf4xf6 Kd7
37.Rf6f4 Ne7f5
38.Rf4xe4 Nf5g3
39.Re4g4 Ng3e2
40.Kf2 Ne2c3
41.Rb1c1 Nc3xa4
42.Rg4g7 Kd8
43.Rc1xc7 Na4c3
44.Rc7a7 Rd5f5
45.Ke1 { abandon }1-0

[Event "Défi"]
[Site "www.echecsemail.com"]
[Date "2026.01.13"]
[Round "1"]
[White "Castor"]
[Black "Titit1"]
[WhiteElo "1340"]
[BlackElo "1440"]
[Result "1-0"]
1.d4 d5
2.c4 c6
3.Nb1c3 Ng8f6
4.f3 Bc8f5
5.g4 Bf5e6
6.b3 Nb8d7
7.e4 Qd8c7
8.Ng1e2 dxc4
9.Ne2f4 Nf6g8
10.bxc4 f6
11.Nf4xe6 Qc7c8
12.g5 Nd7b6
13.Bc1e3 Qc8xe6
14.Bf1g2 Qe6xc4
15.Qd1c1 e6
16.Bg2f1 Qc4b4
17.Kf2 Bf8d6
18.Bf1h3 c5
19.a3 Qb4a5
20.Be3d2 Nb6c4
21.Bd2e1 Qa5c7
22.Bh3xe6 Ng8e7
23.Nc3b5 Qc7c6
24.Be6xc4 a6
25.Nb5c3 b5
26.d5 Qc6c8
27.Rh1f1 Bd6xh2
28.Rf1h1 Qc8h3
29.Bc4f1 Qh3g3
30.Ke2 Qg3e5
31.Ra1b1 Ne7g6
32.Nc3xb5 Ng6f4
33.Kd1 Nf4g6
34.Be1c3 Qe5g3
35.Bc3e1 Qg3xf3
36.Bf1e2 Qf3xh1
37.Kc2 Qh1xe4
38.Be2d3 Qe4a4
39.Kd2 Bh2f4
40.Ke2 Bf4xc1
41.Nb5c7 Kd7
42.Bd3c2 Qa4c4
43.Kd1 Bc1xg5
44.Nc7xa8 Qc4xd5
45.Ke2 Rh8xa8
46.Rb1d1 Kd6
47.Be1g3 Kc6
48.Bc2a4 Kb6
49.Rd1xd5 Ka5
50.Ba4c6 Ra8b8
51.Bg3xb8 Kb6
52.Bc6a4 Kb7
53.Bb8h2 Kb6
54.Rd5d7 Bg5f4
55.Bh2g1 Ng6e5
56.Rd7xg7 Ne5c4
57.Rg7f7 Bf4e5
58.Rf7xh7 Nc4xa3
59.Rh7h3 Na3c4
60.Rh3b3 Ka5
61.Ba4d7 Be5d6
62.Rb3c3 Kb4
63.Rc3f3 Bd6e5
64.Bd7e6 Nc4d6
65.Rf3h3 a5
66.Rh3b3 Ka4
67.Bg1xc5 Nd6e4
68.Bc5e7 Ne4g5
69.Rb3b4 Ka3
70.Rb4b6 Ka4
71.Rb6a6 Kb5
72.Ra6a8 Ng5xe6
73.Kd2 Ne6f4
74.Kc2 Nf4d5
75.Be7d8 a4
76.Ra8a5 Kb4
77.Ra5xd5 Kc4
78.Rd5a5 Kb4
79.Ra5a7 Kb5
80.Ra7a8 Kb4
81.Bd8e7 Kb5
82.Kb1 Be5d4
83.Ka2 f5
84.Ka3 f4
85.Ra8xa4 Bd4e3
86.Ra4b4 Kc6
87.Kb3 Kd7
88.Rb4b7 Kc6
89.Rb7b4 Kd7
90.Be7g5 Be3d2
91.Rb4d4 Kc6
92.Rd4xd2 f3
93.Rd2f2 Kd5
94.Rf2xf3 Ke4
95.Rf3h3 Kf5
96.Bg5d2 Kg4
97.Rh3h7 Kf5
98.Rh7e7 Kf6
99.Bd2b4 Kf5
100.Kc3 Kf6
101.Re7e1 Kf5
102.Kd3 Kf4
103.Bb4d6 Kf5
104.Kd4 Kg4
105.Ke4 Kg5
106.Re1f1 { abandon }1-0

[Event "Memorial Lara CIII"]
[Site "www.echecsemail.com"]
[Date "2026.01.13"]
[Round "1"]
[White "Alain64"]
[Black "Rvsinovitch"]
[WhiteElo "2120"]
[BlackElo "2030"]
[Result "1/2-1/2"]
1.c4 Ng8f6
2.Nb1c3 d5
3.d4 g6
4.Ng1f3 Bf8g7
5.e3 O-O
6.cxd5 Nf6xd5
7.Bf1d3 c5
8.O-O Nb8c6
9.Nc3xd5 Qd8xd5
10.e4 Qd5d6
11.d5 Nc6e5
12.Nf3xe5 Bg7xe5
13.f4 Be5d4
14.Kh1 e6
15.dxe6 Bc8xe6
16.f5 Be6d7
17.Bc1h6 Rf8e8
18.Qd1b3 gxf5
19.Bh6f4 Qd6b6
20.exf5 Qb6xb3
21.axb3 Bd4xb2
22.Ra1b1 Bb2d4
23.Rf1f3 f6
24.Bf4h6 Kh8
25.Rf3g3 Re8g8
26.Rb1e1 Bd7c6
27.Re1e7 Rg8xg3
28.hxg3 Ra8g8
29.Bd3e4 Rg8xg3
30.Be4xc6 bxc6
31.Re7xa7 Rg3g4
32.Ra7a8 Rg4g8
33.Ra8a6 Rg8g4
34.Ra6a8 { nul }1/2-1/2

[Event "Défi( 10J+24H/c 10J Max )"]
[Site "www.echecsemail.com"]
[Date "2026.01.13"]
[Round "1"]
[White "Hberlioz"]
[Black "Uji40"]
[WhiteElo "1680"]
[BlackElo "1640"]
[Result "1-0"]
1.e4 e6
2.d4 d5
3.e5 c5
4.Ng1f3 c4
5.Nb1c3 a6
6.Bc1f4 Nb8c6
7.Qd1d2 g6
8.Bf1e2 Bf8g7
9.h4 f6
10.h5 g5
11.exf6 gxf4
12.fxg7 Qd8f6
13.Qd2xf4 Qf6xg7
14.g4 Qg7f6
15.Qf4c7 Nc6b4
16.O-O-O Ng8e7
17.Nf3e5 O-O
18.Kb1 Ne7c6
19.g5 Qf6xg5
20.Rd1g1 Qg5xg1
21.Rh1xg1 { abandon }1-0

[Event "UBIQUITE"]
[Site "www.echecsemail.com"]
[Date "2026.01.13"]
[Round "1"]
[White "4x4"]
[Black "Katastrofic"]
[WhiteElo "1440"]
[BlackElo "1440"]
[Result "0-1"]
1.e4 e5
2.Ng1f3 Ng8f6
3.Nf3xe5 d6
4.Ne5f3 Nf6xe4
5.d4 Bf8e7
6.Bf1d3 d5
7.Bd3xe4 dxe4
8.Nf3e5 O-O
9.c3 f6
10.Ne5c4 a6
11.Bc1e3 b5
12.Nc4d2 f5
13.Qd1h5 f4
14.Nd2xe4 fxe3
15.f3 Bc8f5
16.Nb1a3 Bf5xe4
17.fxe4 Rf8f2
18.Qh5d5 Qd8xd5
19.exd5 Rf2xg2
20.Na3b1 e2
21.Nb1d2 Be7g5
22.Nd2f3 Nb8d7
23.Nf3xg5 Rg2xg5
24.Kxe2 Ra8e8
25.Kd3 Rg5g2
26.b3 c5
27.Ra1d1 Rg2xa2
28.Rh1e1 Re8xe1
29.Rd1xe1 Kf8
30.Re1e2 c4
31.bxc4 bxc4
32.Kxc4 Ra2xe2
33.d6 Re2xh2
34.Kd5 a5
35.Kc6 Ke8
36.c4 a4
37.c5 a3
38.Kd5 Rh2h5
39.Kc6 a2
40.Kc7 a1Q
41.c6 Qa1a5
42.Kb7 Qa5b6
43.Kc8 Qb6b8
0-1

[Event "Memorial Lara CIII"]
[Site "www.echecsemail.com"]
[Date "2026.01.13"]
[Round "1"]
[White "Leredoutable"]
[Black "Connecticcut"]
[WhiteElo "1760"]
[BlackElo "1860"]
[Result "1-0"]
1.e4 e5
2.f4 exf4
3.Ng1f3 d5
4.exd5 Qd8xd5
5.d4 Bf8d6
6.Nb1c3 Qd5a5
7.Bc1d2 Qa5b6
8.Bf1c4 Bc8g4
9.O-O Ng8f6
10.Rf1e1 Kd7
11.Bc4xf7 Bg4xf3
12.gxf3 Qb6xd4
13.Kg2 Nb8c6
14.Qd1e2 Nc6e5
15.Qe2b5 Ne5c6
16.Qb5f5 Kd8
17.Ra1d1 Nc6e7
18.Qf5b5 Qd4b6
19.Qb5xb6 axb6
20.Bf7e6 Ne7c6
21.Nc3b5 g5
22.a3 Rh8e8
23.Bd2c3 Nf6d7
24.Nb5xd6 cxd6
25.Rd1xd6 Kc7
26.Rd6xd7 Kb8
27.Rd7xh7 Ka7
28.Rh7h5 Nc6d8
29.Be6d5 Re8xe1
30.Bc3xe1 Nd8c6
31.Rh5xg5 Nc6d4
32.Bd5e4 Ra8c8
33.c3 Nd4e2
34.Be1f2 Rc8d8
35.Rg5a5 Kb8
36.Bf2xb6 Rd8d2
37.Kh3 Rd2d6
38.Bb6a7 Kc8
39.Ra5c5 { abandon }1-0

[Event "Coupe Niveau 4"]
[Site "www.echecsemail.com"]
[Date "2026.01.13"]
[Round "1"]
[White "Elghribi"]
[Black "Alain64"]
[WhiteElo "1920"]
[BlackElo "2060"]
[Result "0-1"]
1.e4 e6
2.d4 d5
3.e5 c5
4.c3 Nb8c6
5.Bf1b5 Qd8b6
6.Bb5xc6 bxc6
7.Ng1f3 cxd4
8.cxd4 c5
9.O-O cxd4
10.Nf3xd4 Bf8c5
11.Nd4b3 Ng8e7
12.Nb3xc5 Qb6xc5
13.Bc1e3 Qc5c7
14.f4 O-O
15.Nb1c3 Ne7c6
16.Nc3b5 Qc7d7
17.Nb5d6 a5
18.Be3c5 Rf8d8
19.Qd1a4 Nc6xe5
20.Qa4d4 Ne5c6
{ abandon }0-1

[Event "Tournoi n27352"]
[Site "www.echecsemail.com"]
[Date "2026.01.13"]
[Round "1"]
[White "Katastrofic"]
[Black "Jlr"]
[WhiteElo "1390"]
[BlackElo "1370"]
[Result "1-0"]
1.e4 e5
2.Bf1c4 d6
3.a3 Ng8f6
4.d3 Nb8c6
5.h3 h6
6.Ng1f3 a6
7.O-O Nc6a5
8.Bc4a2 c6
9.b4 b5
10.bxa5 Qd8xa5
11.Bc1d2 Qa5b6
12.c4 bxc4
13.Ba2xc4 d5
14.exd5 Bc8b7
15.dxc6 Bb7xc6
16.Nf3xe5 Bc6d5
17.Bc4xd5 Nf6xd5
18.Rf1e1 Qb6f6
19.Ne5g4 Qf6e7
20.Re1xe7 Bf8xe7
21.Nb1c3 Nd5b6
22.Qd1e1 Ra8a7
23.Bd2e3 Ra7d7
24.Be3xb6 O-O
25.Ng4e5 Rd7d6
26.Bb6c5 Rd6e6
27.Bc5xe7 Rf8e8
28.Nc3d5 f6
29.f4 fxe5
30.fxe5 Kh7
31.Qe1e4 g6
32.Nd5f6 Kg7
33.Nf6xe8 Kf7
34.Be7d6 Kxe8
35.Qe4c6 Kf7
36.Qc6d7 { abandon }1-0

[Event "Défi( 10J+36H/c 30J Max )"]
[Site "www.echecsemail.com"]
[Date "2026.01.13"]
[Round "1"]
[White "Anumisme"]
[Black "Lilou"]
[WhiteElo "1180"]
[BlackElo "1310"]
[Result "0-1"]
1.d4 d5
2.Nb1c3 c6
3.f3 e6
4.Bc1f4 g5
5.Bf4e5 f6
6.Be5xb8 Ra8xb8
7.e3 Ng8e7
8.Bf1d3 Qd8b6
9.g4 Qb6xb2
10.Ng1e2 Ne7g6
11.O-O Ng6h4
12.Ra1b1 Qb2a3
13.h3 Bf8g7
14.Rb1b3 Qa3a5
15.Qd1b1 a6
16.Kh2 Qa5c7
17.Kg1 b6
18.a4 c5
19.Ne2g3 Qc7xg3
20.Kh1 Qg3g2
0-1

[Event "Défi( 10J+24H/c 10J Max )"]
[Site "www.echecsemail.com"]
[Date "2026.01.13"]
[Round "1"]
[White "Titit1"]
[Black "Darkknight99"]
[WhiteElo "1490"]
[BlackElo "1980"]
[Result "0-1"]
1.e4 e6
2.d4 d5
3.e5 c5
4.Bf1b5 Bc8d7
5.Bb5e2 Qd8b6
6.Ng1f3 Bd7b5
7.O-O Bb5xe2
8.Qd1xe2 Nb8c6
9.c3 cxd4
10.c4 dxc4
11.Qe2xc4 Ng8e7
12.Bc1f4 Ne7d5
13.Bf4c1 Bf8e7
14.Nb1d2 O-O
15.Qc4e2 Ra8c8
16.Nd2b3 Rf8d8
17.Bc1d2 a6
18.Qe2d3 Nd5b4
19.Qd3b1 d3
20.Nf3e1 Nc6xe5
21.Kh1 Nb4c2
22.Ne1xc2 dxc2
23.Qb1e1 Ne5d3
24.Qe1e4 Be7f6
25.Ra1e1 Nd3xe1
26.Qe4xe1 Qb6d6
27.Qe1e2 Bf6xb2
28.Bd2e3 Qd6d1
29.Rf1xd1 Rd8xd1
30.Qe2xd1 cxd1Q
0-1

[Event "Défi"]
[Site "www.echecsemail.com"]
[Date "2026.01.13"]
[Round "1"]
[White "Serjo"]
[Black "Malvina"]
[WhiteElo "1270"]
[BlackElo "1270"]
[Result "0-1"]
1.e4 e5
2.Ng1f3 Qd8e7
3.g3 Ng8f6
4.Nb1c3 Nb8c6
5.Bf1g2 Qe7e6
6.h3 d5
7.O-O g6
8.Kh2 Bf8h6
9.a3 Bc8d7
10.Nf3g1 Nc6d4
11.d3 Bh6xc1
12.Qd1xc1 Nf6h5
13.Nc3d1 f5
14.Nd1c3 f4
15.g4 Nh5f6
16.f3 O-O-O
17.Rf1f2 Kb8
18.Nc3e2 h5
19.Ne2xd4 exd4
20.Qc1xf4 Qe6b6
21.b4 hxg4
22.e5 Nf6h5
23.Rf2e2 Nh5xf4
24.Re2e1 Nf4xg2
25.Kxg2 gxf3
{ abandon }0-1

[Event "Eq:Pirates du Mat-Mission Impossible :"]
[Site "www.echecsemail.com"]
[Date "2026.01.13"]
[Round "1"]
[White "Breton"]
[Black "Apage"]
[WhiteElo "1980"]
[BlackElo "1970"]
[Result "1-0"]
1.e4 e5
2.Ng1f3 Nb8c6
3.Bf1c4 Bf8c5
4.c3 Bc5b6
5.d4 Qd8e7
6.d5 Nc6b8
7.O-O d6
8.Bc4b5 Bc8d7
9.Bb5xd7 Nb8xd7
10.Bc1g5 Ng8f6
11.Nb1d2 h6
12.Bg5xf6 Qe7xf6
13.Nd2c4 O-O-O
14.Nc4xb6 Nd7xb6
15.a4 a5
16.b4 axb4
17.cxb4 Kd7
18.a5 Nb6c8
19.a6 bxa6
20.Qd1c2 Ke7
21.Ra1xa6 Rd8d7
22.Ra6c6 Kd8
23.Rf1c1 Qf6e7
24.b5 Nc8b6
25.Rc6xb6 Ke8
26.Rb6b8 Rd7d8
27.Rb8xd8 Qe7xd8
28.Qc2xc7 g6
29.b6 Qd8xc7
30.Rc1xc7 { abandon }1-0

[Event "Eq:au plaisir du jeux -Vikings :"]
[Site "www.echecsemail.com"]
[Date "2026.01.13"]
[Round "1"]
[White "Seb"]
[Black "Chessgaston"]
[WhiteElo "1920"]
[BlackElo "2140"]
[Result "0-1"]
1.d4 d5
2.Nb1c3 c6
3.Bc1f4 e6
4.e3 Nb8d7
5.Bf1d3 Ng8f6
6.Ng1f3 Bf8e7
7.h3 O-O
8.e4 dxe4
9.Nc3xe4 Nf6xe4
10.Bd3xe4 Nd7f6
11.Be4d3 b5
12.Bf4e5 Bc8b7
13.c3 Ra8c8
14.Bd3c2 c5
15.Be5xf6 Be7xf6
16.Qd1d3 g6
17.h4 c4
18.Qd3e3 Bb7xf3
19.gxf3 h5
20.Qe3h6 Bf6g7
21.Qh6f4 Qd8f6
22.Qf4e3 Kh7
23.O-O-O Bg7h6
{ abandon }0-1

[Event "Tournoi n27365"]
[Site "www.echecsemail.com"]
[Date "2026.01.13"]
[Round "1"]
[White "Intrigue"]
[Black "Verson"]
[WhiteElo "1720"]
[BlackElo "1850"]
[Result "0-1"]
1.d4 d5
2.c4 c6
3.Nb1c3 Ng8f6
4.Bc1f4 e6
5.Ng1f3 Bf8d6
6.Bf4xd6 Qd8xd6
7.e3 O-O
8.Bf1d3 Nb8d7
9.O-O e5
10.dxe5 Nd7xe5
11.cxd5 cxd5
12.h3 Ne5xd3
13.Qd1xd3 Bc8e6
14.Rf1d1 Rf8d8
15.Nf3d4 a6
16.a3 b5
17.b4 Ra8c8
18.Ra1c1 h6
19.Nd4f3 Rc8c4
20.Nc3e2 Rd8c8
21.Rc1xc4 Rc8xc4
22.Nf3d4 Nf6e4
23.f3 Ne4f6
24.Ne2f4 Be6d7
25.Nd4b3 Bd7e6
26.Nb3c5 Nf6d7
27.Nc5b7 Qd6c7
28.Nb7c5 Nd7xc5
29.bxc5 Qc7xc5
30.Nf4xd5 a5
31.Kh2 b4
32.axb4 Be6xd5
33.Qd3xd5 Qc5xd5
34.Rd1xd5 axb4
35.Rd5d2 b3
36.Rd2b2 Rc4c3
37.e4 f6
38.Kg3 Kf7
39.Kf4 Ke6
40.g4 g5
41.Kg3 Ke5
42.Rb2d2 Rc3c2
43.Rd2d5 Ke6
44.Rd5b5 b2
45.h4 Rc2d2
46.hxg5 hxg5
47.Kh3 Kd6
48.Kg3 Kc6
49.Rb5b8 Kc5
50.f4 Kc4
51.fxg5 fxg5
52.e5 Kd5
53.Rb8b5 Kc4
54.Rb5b8 Kc3
55.e6 Rd2e2
56.Rb8c8 Kd2
57.Rc8b8 Kc3
58.Kf3 Re2e1
59.Rb8c8 Kd4
60.e7 b1Q
61.Rc8d8 Kc5
62.e8Q Re1xe8
63.Rd8xe8 Qb1d3
64.Re8e3 Qd3d6
65.Re3e4 Qd6d1
66.Kg3 Qd1d3
{ abandon }0-1

[Event "MI6B"]
[Site "www.echecsemail.com"]
[Date "2026.01.13"]
[Round "1"]
[White "Apage"]
[Black "Emmanuel"]
[WhiteElo "1970"]
[BlackElo "1930"]
[Result "0-1"]
1.e4 d5
2.exd5 Ng8f6
3.Bf1b5 Bc8d7
4.Bb5c4 b5
5.Bc4b3 Bd7g4
6.f3 Bg4f5
7.d3 Nb8d7
8.a3 Nd7c5
9.Nb1c3 Nc5xb3
10.cxb3 a6
11.b4 Nf6xd5
12.Nc3xd5 Qd8xd5
13.d4 Ra8d8
14.Ng1e2 e5
15.Bc1e3 Bf8e7
16.Ne2c3 Qd5c4
17.Ra1c1 exd4
18.Nc3e2 dxe3
19.Qd1xd8 Be7xd8
20.Rc1xc4 bxc4
21.O-O Bf5d3
22.Rf1e1 O-O
23.Ne2c3 Rf8e8
24.g3 c6
25.Kg2 f5
26.f4 g5
27.fxg5 Bd8xg5
28.Kf3 e2
29.Nc3xe2 Bd3xe2
30.Re1xe2 Re8xe2
{ abandon }0-1

[Event "Coupe Niveau 1"]
[Site "www.echecsemail.com"]
[Date "2026.01.13"]
[Round "1"]
[White "4x4"]
[Black "Katastrofic"]
[WhiteElo "1460"]
[BlackElo "1430"]
[Result "1-0"]
1.e4 e5
2.f4 Nb8c6
3.d3 exf4
4.Bc1xf4 Bf8e7
5.Nb1c3 Be7f6
6.Qd1d2 Bf6e5
7.O-O-O d6
8.Bf4xe5 Nc6xe5
9.g3 Ng8f6
10.Bf1g2 O-O
11.Ng1f3 b6
12.Nf3xe5 dxe5
13.Kb1 Bc8b7
14.h3 Qd8e7
15.g4 c6
16.a3 c5
17.g5 Nf6d7
18.h4 Ra8d8
19.Nc3d5 Bb7xd5
20.exd5 Qe7d6
21.c4 f5
22.Bg2h3 g6
23.Qd2e3 f4
24.Qe3f3 e4
25.dxe4 Nd7e5
26.Qf3c3 f3
27.Rd1f1 Rf8f4
28.Bh3e6 Kf8
29.b3 f2
30.Qc3e3 Ne5g4
31.Be6xg4 Kg7
32.Bg4f3 Rd8f8
33.Rf1xf2 Qd6e5
34.Kc2 Qe5d4
35.Qe3xd4 cxd4
36.Kd3 Rf4xf3
37.Rf2xf3 Rf8xf3
38.Kxd4 Rf3xb3
39.e5 Rb3xa3
40.e6 Kf8
41.Ke5 Ra3a4
42.Rh1f1 Ke8
43.Kd6 Ra4xc4
44.Rf1f7 { abandon }1-0

[Event "Coupe Niveau 4"]
[Site "www.echecsemail.com"]
[Date "2026.01.13"]
[Round "1"]
[White "Carrighir"]
[Black "Elghribi"]
[WhiteElo "2110"]
[BlackElo "1910"]
[Result "1-0"]
1.e4 d6
2.d4 Ng8f6
3.Nb1c3 g6
4.f4 Bf8g7
5.Bf1c4 O-O
6.Ng1f3 Nb8c6
7.O-O Nf6d7
8.f5 Nd7b6
9.Bc4b3 Nc6a5
10.fxg6 hxg6
11.Bc1e3 Nb6c4
12.Qd1e2 Nc4xe3
13.Qe2xe3 Na5xb3
14.axb3 c6
15.Ra1d1 Qd8c7
16.Nf3g5 f6
17.Ng5f3 e5
18.d5 c5
19.Nf3h4 Qc7f7
20.Nc3b5 Rf8d8
21.Qe3g3 g5
22.Nh4f5 Bg7f8
23.h4 Qf7g6
24.Nb5c7 Ra8b8
25.Kf2 Bc8xf5
26.exf5 Qg6xf5
27.Kg1 Qf5g6
28.Nc7e6 Rd8d7
29.Qg3g4 Rd7h7
30.hxg5 Bf8e7
31.Rf1f5 Rh7h5
32.Rd1f1 fxg5
33.Rf5f7 { abandon }1-0

[Event "Tournoi n27336"]
[Site "www.echecsemail.com"]
[Date "2026.01.13"]
[Round "1"]
[White "4x4"]
[Black "Tizi"]
[WhiteElo "1500"]
[BlackElo "1700"]
[Result "1-0"]
1.e4 d5
2.exd5 Qd8xd5
3.Nb1c3 Qd5a5
4.Ng1f3 c6
5.d3 e6
6.Bc1d2 Qa5d8
7.Qd1e2 Ng8f6
8.O-O-O a5
9.g3 a4
10.a3 Bf8b4
11.axb4 a3
12.b3 a2
13.Kb2 Qd8b6
14.Nc3a4 Ra8xa4
15.bxa4 c5
16.b5 O-O
17.c4 Qb6d6
18.Kxa2 b6
19.Bd2f4 Qd6d4
20.Nf3xd4 cxd4
21.Bf4xb8 Bc8b7
22.Rh1g1 Rf8xb8
23.Qe2e5 Rb8a8
24.Kb3 Nf6d7
25.Qe5xd4 Nd7c5
26.Kc2 g6
27.Bf1h3 Ra8xa4
28.Qd4d8 Kg7
29.Rd1d2 Ra4a2
30.Kc3 Ra2a3
31.Kc2 Nc5a4
32.Rg1b1 Ra3c3
33.Kd1 Bb7f3
34.Ke1 Na4b2
35.Rd2xb2 h5
36.Bh3f1 Rc3a3
37.Qd8xb6 Ra3a8
38.d4 Ra8c8
39.c5 h4
40.Bf1e2 Bf3e4
41.Rb1c1 hxg3
42.hxg3 Rc8h8
43.c6 Rh8h1
44.Kd2 Rh1h2
45.c7 e5
46.Ke3 Be4f5
47.dxe5 Rh2h8
48.Qb6f6 Kg8
49.c8Q Bf5xc8
50.Rc1xc8 Kh7
51.Qf6xh8 1-0

[Event "XERTIGNY  VOSGES"]
[Site "www.echecsemail.com"]
[Date "2026.01.13"]
[Round "1"]
[White "Mindthegap"]
[Black "Casisimed"]
[WhiteElo "1500"]
[BlackElo "1620"]
[Result "0-1"]
1.e4 e5
2.Ng1f3 Ng8f6
3.Bf1c4 Bf8c5
4.h3 O-O
5.d3 Rf8e8
6.Bc1g5 c6
7.Bg5xf6 Qd8xf6
8.Nb1c3 b5
9.Bc4b3 b4
10.Nc3a4 Bc5b6
11.h4 d5
12.Qd1e2 Bc8g4
13.O-O-O Nb8d7
14.Rh1g1 Bg4xf3
15.gxf3 Qf6xh4
16.exd5 cxd5
17.Bb3xd5 Ra8c8
18.Qe2e4 Qh4xf2
19.Qe4f5 Bb6e3
20.Kb1 Qf2xc2
21.Ka1 Re8e7
22.Rg1xg7 Kxg7
23.Rd1g1 Kf8
24.Qf5h3 Qc2c1
25.Rg1xc1 Rc8xc1
0-1

[Event "Tournoi n26584"]
[Site "www.echecsemail.com"]
[Date "2026.01.13"]
[Round "1"]
[White "Zanatany"]
[Black "Fuji972"]
[WhiteElo "2180"]
[BlackElo "2120"]
[Result "1-0"]
1.e4 e6
2.Ng1f3 d5
3.e5 c5
4.d4 Bc8d7
5.dxc5 Bf8xc5
6.Bf1d3 Nb8c6
7.O-O Qd8c7
8.Qd1e2 Ng8e7
9.Nb1c3 a6
10.Bc1e3 Bc5xe3
11.Qe2xe3 O-O
12.a3 b5
13.Rf1e1 h6
14.Qe3c5 Ra8a7
15.Kf1 Rf8e8
16.Nc3a2 Re8b8
17.b4 Ne7c8
18.Na2c3 Qc7b6
19.a4 Qb6xc5
20.bxc5 b4
21.Nc3e2 a5
22.Bd3b5 Nc8e7
23.c3 bxc3
24.Re1c1 c2
25.Rc1xc2 Nc6b4
26.Rc2c3 Bd7xb5
27.axb5 Rb8xb5
28.Ne2d4 Rb5b8
29.c6 Rb8c8
30.Nd4b5 Ra7a6
31.c7 Ne7c6
32.Ke2 Kf8
33.Ra1a4 Ke7
34.Kd2 Ra6b6
35.Nb5d6 Rc8xc7
36.Ra4xa5 f6
37.Ra5a8 fxe5
38.Nd6c8 Rc7xc8
39.Ra8xc8 e4
40.Nf3e1 d4
41.Rc3b3 Rb6a6
42.Rb3b2 Ra6a1
43.Ne1c2 Ra1a4
44.Nc2xb4 Nc6xb4
45.Rc8c4 { abandon }1-0

[Event "Tournoi n27377"]
[Site "www.echecsemail.com"]
[Date "2026.01.13"]
[Round "1"]
[White "Patbe"]
[Black "Tiounet"]
[WhiteElo "1570"]
[BlackElo "1670"]
[Result "0-1"]
1.e4 a6
2.d4 b5
3.d5 Bc8b7
4.Nb1c3 b4
5.Nc3a4 Ng8f6
6.Na4c5 Qd8c8
7.Bc1g5 d6
8.Nc5xb7 Qc8xb7
9.Bg5xf6 exf6
10.b3 g6
11.g3 Bf8g7
12.Ra1b1 O-O
13.Bf1c4 Nb8d7
14.f4 Nd7c5
15.Ng1f3 Nc5xe4
16.Nf3d2 Ne4c3
17.Qd1g4 Nc3xb1
18.O-O Nb1xd2
19.Rf1d1 f5
20.Qg4e2 Nd2xc4
21.Qe2xc4 Rf8e8
22.Kg2 Bg7c3
23.Kh3 a5
24.Rd1d3 Re8e4
25.Qc4c6 Qb7xc6
26.dxc6 Ra8a6
27.a4 Ra6xc6
28.Kh4 Bc3f6
29.Kh3 Rc6xc2
{ abandon }0-1

[Event "Défi( 10J+24H/c 10J Max )"]
[Site "www.echecsemail.com"]
[Date "2026.01.13"]
[Round "1"]
[White "Claudius94"]
[Black "Titit1"]
[WhiteElo "1929"]
[BlackElo "1430"]
[Result "1-0"]
1.e4 Ng8f6
2.d3 e5
3.Ng1f3 Nb8c6
4.c3 Bf8c5
5.b4 Bc5b6
6.Bc1b2 O-O
7.Bf1e2 d6
8.a4 Nf6g4
9.d4 Rf8e8
10.a5 Bb6xd4
11.cxd4 Bc8d7
12.d5 Nc6xb4
13.Qd1b3 Nb4a6
14.Be2xa6 Ra8b8
15.O-O b6
16.axb6 Rb8xb6
17.Qb3c2 Qd8b8
18.Bb2c3 Ng4f6
19.Ba6d3 Nf6g4
20.Nb1d2 f6
21.Rf1b1 Qb8d8
22.Ra1xa7 Qd8b8
23.Ra7a1 Rb6xb1
24.Qc2xb1 Qb8xb1
25.Ra1xb1 Ng4h6
26.h3 Nh6f7
27.Bd3b5 Bd7xb5
28.Rb1xb5 h6
29.Nf3h4 Kh7
30.Bc3a5 Re8a8
31.Ba5xc7 Ra8a1
32.Nd2f1 Ra1a6
33.Nh4f3 g5
34.g3 h5
35.Rb5b6 Ra6a4
36.Nf3d2 Kg6
37.Bc7xd6 Nf7xd6
38.Rb6xd6 g4
39.hxg4 hxg4
40.Rd6c6 Kg5
41.Nf1e3 Ra4a1
42.Kg2 Ra1a2
43.Rc6c2 Ra2a8
44.Kf1 Ra8a1
45.Ke2 Kh5
46.Ne3f5 Ra1a8
47.d6 Ra8d8
48.Rc2c7 Kg5
49.d7 Rd8a8
50.Rc7c8 Ra8xc8
51.dxc8Q Kg6
52.Qc8g8 Kh5
53.Qg8h7 Kg5
54.Qh7h6 1-0

[Event "Défi( 10J+24H/c 10J Max )"]
[Site "www.echecsemail.com"]
[Date "2026.01.13"]
[Round "1"]
[White "Tunnellavage"]
[Black "Ephixe"]
[WhiteElo "1770"]
[BlackElo "1810"]
[Result "0-1"]
1.e4 e5
2.Ng1f3 Nb8c6
3.Bf1c4 d6
4.Nb1c3 Bc8g4
5.h3 Bg4h5
6.g4 Bh5g6
7.d3 Ng8f6
8.Bc1g5 Bf8e7
9.Qd1d2 h6
10.Bg5e3 a6
11.a4 Nc6b4
12.O-O-O c5
13.g5 hxg5
14.Nf3xg5 Nf6h7
15.f4 Nh7xg5
16.fxg5 f6
17.Nc3d5 Nb4xd5
18.Bc4xd5 Qd8d7
19.gxf6 gxf6
20.b3 b5
21.Bd5xa8 bxa4
22.Qd2a5 axb3
23.cxb3 Rh8xh3
24.Qa5xa6 Kf7
25.Ba8d5 Kg7
26.Qa6b7 Qd7xb7
27.Bd5xb7 Rh3xe3
28.Rh1g1 Kf7
29.Bb7d5 Kg7
30.Bd5e6 Kh6
31.Kc2 Re3e2
32.Kc3 Re2h2
33.Kc4 Bg6e8
34.Rg1g8 Be8g6
35.Rg8h8 Bg6h7
36.Be6f5 Kg7
37.Rh8e8 Kf7
38.Re8b8 Bh7xf5
39.exf5 Rh2f2
40.Rd1h1 Rf2xf5
41.Rb8b7 Ke6
{ abandon }0-1

[Event "Défi( 10J+24H/c 10J Max )"]
[Site "www.echecsemail.com"]
[Date "2026.01.13"]
[Round "1"]
[White "Tunnellavage"]
[Black "Tinenfant"]
[WhiteElo "1780"]
[BlackElo "1890"]
[Result "1-0"]
1.e4 e6
2.d4 d5
3.e5 c5
4.c3 Nb8c6
5.Ng1f3 Qd8b6
6.a3 Bc8d7
7.Bf1e2 Ra8c8
8.O-O cxd4
9.cxd4 Ng8e7
10.g4 Ne7g6
11.b4 Bf8e7
12.Bc1e3 O-O
13.Nb1c3 Rf8d8
14.Nc3a4 Qb6c7
15.Na4c5 h6
16.Qd1d2 Qc7b6
17.g5 hxg5
18.Be3xg5 Be7xg5
19.Nf3xg5 Nc6e7
20.Ra1c1 Bd7c6
21.Be2g4 Rc8b8
22.Qd2e3 Ne7f5
23.Bg4xf5 exf5
24.e6 Kf8
25.exf7 Bc6d7
26.Rf1e1 Qb6d6
27.Qe3h3 b6
28.Qh3h7 Ng6e7
29.Qh7h8 { abandon }1-0

[Event "Défi"]
[Site "www.echecsemail.com"]
[Date "2026.01.13"]
[Round "1"]
[White "Calcedoine"]
[Black "Lancov"]
[WhiteElo "1810"]
[BlackElo "1930"]
[Result "0-1"]
1.c3 d6
2.e4 Ng8f6
3.d3 g6
4.Ng1f3 Bf8g7
5.Nb1d2 c6
6.h3 Nb8d7
7.a4 Nd7c5
8.b4 Nc5d7
9.Bc1b2 e5
10.Nd2c4 O-O
11.Nc4xd6 Nd7b6
12.Nd6c4 Nb6xc4
13.dxc4 Nf6xe4
14.Qd1e2 Ne4d6
15.c5 Nd6f5
16.Qe2e4 Bc8e6
17.c4 Qd8c7
18.Ra1d1 Ra8d8
19.Bf1e2 Rd8xd1
20.Be2xd1 Rf8d8
21.O-O Nf5d4
22.Nf3xd4 exd4
23.Bd1b3 Qc7d7
24.Qe4f4 d3
25.Bb2xg7 Kxg7
26.Qf4f3 d2
27.Rf1d1 Qd7d4
28.Qf3e2 Qd4c3
29.Rd1b1 Be6f5
30.Rb1d1 Qc3xb3
31.b5 Qb3xa4
32.Qe2e5 Kg8
33.Qe5e2 Qa4a3
34.Rd1xd2 Qa3c1
35.Qe2d1 Qc1xd1
36.Rd2xd1 Rd8xd1
37.Kh2 Rd1c1
{ abandon }0-1

[Event "Défi"]
[Site "www.echecsemail.com"]
[Date "2026.01.13"]
[Round "1"]
[White "Kerenor"]
[Black "Tian"]
[WhiteElo "1590"]
[BlackElo "1290"]
[Result "1-0"]
1.e4 e5
2.Ng1f3 f6
3.d4 c6
4.dxe5 Qd8e7
5.Bc1f4 d6
6.exd6 Qe7e6
7.Nf3d4 Qe6xe4
8.Bf4e3 Bf8xd6
9.Nb1c3 Qe4e5
10.Nd4f3 Qe5f5
11.Bf1d3 b5
12.Bd3xf5 Bc8xf5
13.Qd1xd6 a5
14.Nf3d4 Nb8d7
15.Nd4xf5 Kd8
16.Be3f4 Kc8
17.Qd6xc6 Kd8
18.Qc6xa8 Nd7b8
19.Qa8xb8 Kd7
20.Qb8c7 Ke8
21.O-O g6
22.Nf5d6 Kf8
23.Qc7f7 1-0

[Event "Défi"]
[Site "www.echecsemail.com"]
[Date "2026.01.13"]
[Round "1"]
[White "Roger72"]
[Black "Whisky"]
[WhiteElo "1280"]
[BlackElo "1350"]
[Result "1-0"]
1.e4 d5
2.e5 e6
3.d4 Bf8b4
4.c3 f6
5.Qd1a4 Qd8d7
6.Qa4xb4 Qd7e7
7.Qb4a4 Bc8d7
8.Qa4b4 b6
9.Bf1b5 Bd7xb5
10.Qb4xb5 c6
11.Qb5d3 f5
12.Ng1f3 Nb8d7
13.Bc1g5 Qe7f7
14.Nb1d2 h6
15.Bg5h4 g5
16.Bh4xg5 hxg5
17.Nf3xg5 Qf7h5
18.Nd2f3 c5
19.Qd3e3 O-O-O
20.O-O-O Ng8h6
21.Ng5xe6 Nh6g4
22.Qe3e2 Rd8g8
23.h3 Qh5g6
24.Ne6g5 Ng4h6
25.h4 f4
26.e6 Nd7f6
27.Rd1e1 Nh6f5
28.Nf3e5 Qg6e8
29.Ng5f7 Rh8xh4
30.Rh1g1 Qe8xe6
31.dxc5 Nf5e7
32.Qe2a6 Kc7
33.Qa6xa7 Kc8
34.cxb6 Ne7c6
35.Qa7c7 1-0

[Event "Memorial Lara CIII"]
[Site "www.echecsemail.com"]
[Date "2026.01.13"]
[Round "1"]
[White "Bertelsen"]
[Black "Karkaskat"]
[WhiteElo "1730"]
[BlackElo "2100"]
[Result "0-1"]
1.d4 Ng8f6
2.c4 g6
3.Ng1f3 Bf8g7
4.e3 d5
5.c5 O-O
6.Bf1d3 a5
7.Nb1c3 b6
8.h3 bxc5
9.Bd3c2 cxd4
10.Nf3xd4 Bc8a6
11.Bc2d3 c5
12.Nd4b3 c4
13.Bd3e2 cxb3
14.Qd1xb3 Ba6xe2
15.Nc3xe2 Nb8c6
16.Qb3d1 Qd8b6
17.O-O Ra8c8
18.Ra1b1 Rf8d8
19.b3 Nc6b4
20.a3 Nb4a6
21.Qd1d4 Qb6c6
22.Bc1d2 Nf6e4
23.Qd4d3 Na6c5
24.Qd3c2 Ne4xd2
25.Qc2xd2 Nc5e4
26.Qd2d1 Ne4c3
27.Ne2xc3 Qc6xc3
28.Rb1c1 Qc3e5
29.Rf1e1 e6
30.f3 Qe5b2
31.a4 Rc8xc1
32.Qd1xc1 Qb2xb3
33.Qc1c6 d4
34.exd4 Bg7xd4
35.Kh1 Qb3c3
36.Re1c1 Qc3xc6
37.Rc1xc6 Bd4e5
38.Rc6c5 Rd8d1
0-1